000 00372nam a2200181Ia 4500
001 14200
003 GE_BSU
008 181216s||||||||xx |||||||||||||| ||und||
040 _cGE_BSU
080 _a821.111-3
100 _aReichs,Kathy
245 _aBreak no Bones
260 _bBCA
260 _c2006
300 _a337p.20cm.
653 _aBreak no Bones
942 _cBK
999 _c47339
_d47339